German Problems and Personalities (Record no. 260416)
[ view plain ]
| 000 -LEADER | |
|---|---|
| fixed length control field | 01803cam a22002893a 4500 |
| 001 - CONTROL NUMBER | |
| control field | 31161 |
| 003 - CONTROL NUMBER IDENTIFIER | |
| control field | PGUSA |
| 005 - DATE AND TIME OF LATEST TRANSACTION | |
| control field | 20140828083656.0 |
| 008 - FIXED-LENGTH DATA ELEMENTS--GENERAL INFORMATION | |
| fixed length control field | 100203s2010||||xxu|||||s|||||000 | eng d |
| 040 ## - CATALOGING SOURCE | |
| Original cataloging agency | PGUSA |
| Language of cataloging | eng |
| 042 ## - AUTHENTICATION CODE | |
| Authentication code | dc |
| 050 #4 - LIBRARY OF CONGRESS CALL NUMBER | |
| Classification number | DD |
| 100 1# - MAIN ENTRY--PERSONAL NAME | |
| Personal name | Sarolea, Charles, |
| Dates associated with a name | 1870-1953 |
| 245 10 - TITLE STATEMENT | |
| Title | German Problems and Personalities |
| Medium | [electronic resource] / |
| Statement of responsibility, etc | Charles Sarolea |
| 260 ## - PUBLICATION, DISTRIBUTION, ETC. (IMPRINT) | |
| Name of publisher, distributor, etc | Project Gutenberg, |
| Date of publication, distribution, etc | 2010 |
| 505 0# - FORMATTED CONTENTS NOTE | |
| Formatted contents note | Introduction, by the literary editor of the New York "Times" -- An American preface [written for the American ed. of the "Anglo-German problem"] -- My forecasts of 1906 and 1912 -- The curse of the Hohenzollern -- The German war-triumvirate: Nietzsche. Montaigne and Nietzsche. Treitschke. Bernhardi -- Frederick the Great: the father of Prussian militarism -- The apotheosis of Goethe -- The service of the city in Germany -- The neglect of German -- Mecklenburg, the paradise of Prussian junkerthum -- The German race heresy and the war -- A slump in German theology -- The German enigma -- The tragic isolation of Germany: an interview with a continental statesman -- Russia and Germany -- The peacemaker of Germany: Prince Bernhard von Bülow -- The silence of Herr von Bethmann-Hollweg -- The coming revolution in Germany -- Via pacis -- Appendix. The private morality of the Prussian kings: Frederick William II, the Hohenzollern polygamist, by A. Sorel. |
| 506 ## - RESTRICTIONS ON ACCESS NOTE | |
| Terms governing access | Public domain in the USA. |
| 516 ## - TYPE OF COMPUTER FILE OR DATA NOTE | |
| Type of computer file or data note | Electronic text |
| 653 ## - INDEX TERM--UNCONTROLLED | |
| Uncontrolled term | Germany -- Intellectual life |
| 653 ## - INDEX TERM--UNCONTROLLED | |
| Uncontrolled term | World War, 1914-1918 |
| 653 ## - INDEX TERM--UNCONTROLLED | |
| Uncontrolled term | Germany -- Foreign relations |
| 653 ## - INDEX TERM--UNCONTROLLED | |
| Uncontrolled term | Germany -- Politics and government |
| 700 1# - ADDED ENTRY--PERSONAL NAME | |
| Personal name | Sorel, Albert, |
| Dates associated with a name | 1842-1906 |
| 830 #0 - SERIES ADDED ENTRY--UNIFORM TITLE | |
| Uniform title | Project Gutenberg |
| Volume number/sequential designation | 31161 |
| 856 40 - ELECTRONIC LOCATION AND ACCESS | |
| Uniform Resource Identifier | <a href="http://www.gutenberg.org/ebooks/31161">http://www.gutenberg.org/ebooks/31161</a> |
| 942 ## - ADDED ENTRY ELEMENTS (KOHA) | |
| Koha item type | eBooks |
| Withdrawn status | Lost status | Damaged status | Home library | Current library | Date acquired | Total Checkouts | Date last seen | Price effective from | Koha item type |
|---|---|---|---|---|---|---|---|---|---|
| Project Gutenberg | Project Gutenberg | 08/28/2014 | 08/28/2014 | 08/28/2014 | eBooks |